kraje z największą ilością ludzi oglądających piłkę nożną - Statystyki

Ogólne statystyki
  • Ten quiz został rozwiązany 24 razy
  • Średni wynik to 13 z 15
Statystyki odpowiedzi
Hint Odpowiedź % Poprawnych
~213 milionów fanów Brazylia 3
100%
~41 milionów fanów Wielka brytania 10
100%
~450 milionów fanów Chiny 1
95%
~60 milionów fanów Hiszpania 8
95%
~335 milionów fanów Indie 2
95%
~83 miliony fanów Niemcy 5
95%
~30 milionów fanów Polska 12
95%
~60 milionów fanów Argentyna 7
91%
~59 milionów fanów Włochy 9
91%
~67 milionów fanów Francja 6
82%
128–91 milionów fanów Meksyk 4
82%
~10 milionów Portugalia 15
77%
~15 milionów Holandia 14
68%
~35–40 milionów fanów Turcja 11
68%
~25–30 milionów fanów Arabia saudyjska 13
27%
Nie znaleziono quizów pasujących do podanych kryteriów
Rozkład punktacji
Procent ludzi z każdym wynikiem
Percentyl według liczby udzielonych odpowiedzi
Twoja historia wyników
Nie rozwiązałeś tego quizu